000 00361nam a2200145Ia 4500
008 230917s9999||||xx |||||||||||||| ||und||
040 _e86047
_aMAIN
041 _aEnglish
082 _a791.43091 R554W
100 _aRobinson, David
245 0 _aWorld cinema: a short history
260 _aLondon
_bEyre Methuen
_c1974
300 _axv, 493 p.
942 _cBK
999 _c228989
_d228989